000
00281nam a22001097a 4500
008
240530b |||||||| |||| 00| 0 eng d
100
_a
Bose, S.K.
_9
14949
245
_a
Essential of Indian Economics
260
_c
1969.
_a
New Delhi:
_b
Ranjit Printers;
300
_a
623p.
942
_c
BK
999
_c
39554
_d
39554